000 00764nam a2200229 i 4500
999 _c357949
_d357949
001 000000203719
003 IT-MiSPE
005 20180709155719.0
008 031003s1977 xx 000 b ita c
040 _aIT-MiSPE
_bita
_cIT-MiSPE
082 _a101-DIZ id (23175)
245 0 0 _aDizionario delle idee.
260 _a[Firenze] :
_bSansoni,
_c[1977]
300 _a1302 p. ;
_c25 cm
490 1 _aCentro di Studi Filosofici di Gallarate
504 _aContiene indice sistematico (pp. 1287-1302)
655 0 7 _aFilosofia. Generalità. Storia generale
_xEnciclopedie. Dizionari (italiano)
_2local
_957302
830 0 _aCentro di Studi Filosofici di Gallarate.
_957303
942 _2ddc
_cBK